000
00348nam a2200133Ia 4500
008
231129s9999||||xx |||||||||||||| ||spa||
020
_a
84-206-1505-6 (v.1)
040
_b
spa
082
_a
R E863.03 C392d
100
_a
Cela Camilo José
245
0
_a
Diccionario secreto 2
264
_a
Alianza
942
_2
ddc
_c
BKS
999
_c
9504
_d
9504